<?xml version="1.0" encoding="UTF-8"?>
<collection xmlns="http://www.loc.gov/MARC21/slim">
  <record>
    <leader>00000nam  2200000   4500</leader>
    <controlfield tag="001">INLIS000000000002714</controlfield>
    <controlfield tag="005">20180724150319</controlfield>
    <controlfield tag="008">180724|||||||||   |   |||   |||| ||   | </controlfield>
    <datafield tag="035" ind1=" " ind2=" ">
      <subfield code="0">010-0718002714</subfield>
    </datafield>
    <datafield tag="041" ind1=" " ind2=" ">
      <subfield code="a">id</subfield>
    </datafield>
    <datafield tag="082" ind1=" " ind2=" ">
      <subfield code="a">R. 065</subfield>
    </datafield>
    <datafield tag="090" ind1=" " ind2=" ">
      <subfield code="a">R. 065 PIM I Angkatan XXXVII 2017</subfield>
    </datafield>
    <datafield tag="100" ind1=" " ind2=" ">
      <subfield code="a">Winarno, Hendig</subfield>
    </datafield>
    <datafield tag="245" ind1=" " ind2=" ">
      <subfield code="a">Kebijakan Penggunaan Varietas Padi Batan Sebagai Salah Satu Benih Nasional Dalam Rangka Mendukung Kedaulatan Pangan</subfield>
    </datafield>
    <datafield tag="260" ind1=" " ind2=" ">
      <subfield code="a">Jakarta</subfield>
      <subfield code="b">LAN Jakarta</subfield>
      <subfield code="c">2017</subfield>
    </datafield>
    <datafield tag="300" ind1=" " ind2=" ">
      <subfield code="a">vi; 20 hlm.; Lamp.; 30 cm</subfield>
    </datafield>
    <datafield tag="500" ind1=" " ind2=" ">
      <subfield code="a">Sejak 1982, melalui pemuliaan tanaman secara mutasi radiasi, BATAN telah menghasilkan berbagai varietas unggul tanaman pangan, antara lain 22 varietas unggul padi, 10 varietas unggul kedelai, dan varietas lainnya. Melalui kegiatan promosi dan diseminasi bekerjasama dengan Pemerintah Daerah dan Perguruan Tinggi, varietas padi BATAN antara lain Inpari Sidenuk, Mira 1, Bestari, Mugibat, Diah Suci telah ditanam sekitar 1.000 ton benih (=40.000 Ha luas lahan) per tahun. Jika didasarkan luas lahan sawah Indonesia yang 10 juta Ha, maka kontribusi BATAN hanya kurang lebih 0.4%. rendahnya kontribusi BATAN dikarenakan belum ada kebijakan dari Pemerintah untuk memanfaatkan varietas unggul padi yang dihasilkan BATAN menjadi salah satu cadangan benih nasional sehingga dapat ersebarluaskan secara masif.</subfield>
    </datafield>
    <datafield tag="650" ind1=" " ind2=" ">
      <subfield code="a">Varietas Padi</subfield>
    </datafield>
  </record>
</collection>
